| 000 | 00452nam a2200181Ia 4500 | ||
|---|---|---|---|
| 005 | 20240823015554.0 | ||
| 008 | 240823s9999||||xx |||||||||||||| ||und|| | ||
| 041 | _aENGLISH | ||
| 082 | _A620.106 P4 | ||
| 100 | _aMalhotra D R | ||
| 245 | 4 | _aThe Fluid Mechanics and Hydraulics | |
| 250 | _a2nd | ||
| 260 |
_c2004 _b"Satya Prakashan,New " |
||
| 500 | _aYES | ||
| 650 |
_aFluid Mechanics _bAeronautical Engineering |
||
| 942 | _cBK | ||
| 999 |
_c172735 _d172735 |
||